| 000 | 00772cam a2200217 4500 | ||
|---|---|---|---|
| 005 | 20240116151358.0 | ||
| 008 | | mx gr 00| 0 spa|d | ||
| 020 | _a9684962029 | ||
| 050 | 0 | 4 |
_aGN495.6 _bC37 1992 |
| 100 | 1 | _aCardoso de Oliveira, Roberto | |
| 245 | 1 | 0 |
_aEtnicidad y estructura social _c / Roberto Cardoso de Oliveira ; traducción de Virginia Molina Ludy y Enrique Lemus. |
| 250 | _a1a ed. | ||
| 260 |
_aMéxico : _bCentro de Investigaciones y Estudios Superiores en Antropología Social, _c1992 |
||
| 300 |
_a158 p. , _c21 cm. |
||
| 490 | 0 | _aMiguel Othón de Mendizábal | |
| 504 | _aIncluye bibliografías | ||
| 650 | 4 | _aEtnología | |
| 700 |
_4Molina Ludy, Virginia, _etraductor. |
||
| 700 |
_aLemus, Enrique, _etraductor. |
||
| 942 |
_2lcc _cLIB |
||
| 999 |
_c64850 _d64850 |
||